000 00238nam a2200121Ia 4500
100 _a#N/A
650 _aComputer/ IT
942 _cBK
654 _achronicle
245 _aChronicle of Java on Linux
260 _b#N/A
546 _aENGLISH
999 _c25930
_d25930